| 000 | 00297 a2200121 4500 | ||
|---|---|---|---|
| 001 | 86566 | ||
| 082 | _a398.2 LOK | ||
| 090 |
_c40743 _d40743 |
||
| 100 | _aMufti UXI | ||
| 245 |
_aThe Last Song A and B (Only VCD) _hEnglish |
||
| 260 |
_aIslamabad _bLok Virsa Islamabad _c2012 |
||
| 500 | _aLok Virsa | ||
| 942 |
_aCAENUST _k398.2 LOK |
||
| 999 |
_c321639 _d321639 |
||